书目信息 |
| 题名: |
蛋白质与核酸
|
|
| 作者: | 王琳芳 , 杨克恭 主编 | |
| 分册: | ||
| 出版信息: | 北京 北京医科大学.中国协和医科大学联合出版社 1998 |
|
| 页数: | 478页 | |
| 开本: | 26cm | |
| 丛书名: | 现代生物医学丛书 | |
| 单 册: | ||
| 中图分类: | Q51 | |
| 科图分类: | ||
| 主题词: | 蛋白质 | |
| 电子资源: | ||
| ISBN: | 7-81034-791-8 | |
| 000 | 00682nam2 2200229 45 | |
| 001 | 0405241739 | |
| 005 | 20040524172704.9 | |
| 010 | @a7-81034-791-8@b精装@dCNY65.80 | |
| 100 | @a20040524d1998 km y0chiy0120 ea | |
| 101 | 0 | @achi |
| 105 | @a z 000yy | |
| 200 | 1 | @a蛋白质与核酸@ADan Bai Zhi Yu He Suan@f王琳芳,杨克恭主编@FWang Lin Fang,Yang Ke Gong Zhu Bian |
| 210 | @a北京@c北京医科大学.中国协和医科大学联合出版社@d1998 | |
| 215 | @a478页@d26cm | |
| 225 | @a现代生物医学丛书 | |
| 410 | @12001 @a现代生物医学丛书 | |
| 606 | 0 | @a蛋白质 |
| 690 | @aQ51@v3 | |
| 701 | 0 | @a王琳芳@4主编 |
| 701 | 0 | @a杨克恭@4主编 |
| 801 | @aCN@bPftUser@c20040524 | |
| 905 | @f1@b280145@dQ51@e67 | |
| 蛋白质与核酸/王琳芳,杨克恭主编.-北京:北京医科大学.中国协和医科大学联合出版社,1998 |
| 478页;26cm.-(现代生物医学丛书) |
| ISBN 7-81034-791-8(精装):CNY65.80 |
| ● |
| 相关链接 |
|
|
|
|
正题名:蛋白质与核酸
索取号:Q51/67
 
预约/预借
| 序号 | 登录号 | 条形码 | 馆藏地/架位号 | 状态 | 备注 |
| 1 | 0280145 | 002801454 | 第三借阅区/ [索取号:Q51/67] | 在馆 | |
| 2 | 0280146 | 002801463 | 第二样本阅览室/ [索取号:Q51/67] | 在馆 |